000 00375nam a22001457a 4500
020 _qHB.
040 _cFIZZA ISHAQ
082 _a690.22
_bDAV
100 _aMACCOLLUM, V. DAVID.
_990093
245 _aCONSTRUCTION SAFETY ENGINEERING PRINCIPLES /
_cDAVID V. MACCOLLUM.
250 _a1st ED.
260 _bWILEY,
_c2007.
300 _a394 P. ;
942 _2ddc
_cBK
999 _c588491
_d588491